Statistics for 25 biggest cities in Finland by flags

Click here to take the quiz!

General Stats

  • This quiz has been taken 83 times
  • The average score is 10 of 25

Answer Stats

Answer% Correct
Helsinki
100%
Oulu
66%
Tampere
66%
Espoo
63%
Turku
60%
Vantaa
57%
Kuopio
51%
Lahti
49%
Jyväskylä
40%
Lappeenranta
37%
Hämeenlinna
34%
Joensuu
34%
Pori
34%
Mikkeli
31%
Rovaniemi
31%
Vaasa
31%
Kokkola
29%
Seinäjoki
29%
Kotka
26%
Kouvola
26%
Salo
23%
Hyvinkää
20%
Porvoo
20%
Lohja
17%
Järvenpää
14%

Score Distribution

Percentile by Number Answered

Percent of People with Each Score

Your Score History

You have not taken this quiz